[Event "POL-chT 2nd League"]
[Site "Jastrzebia Gora"]
[Date "2018.09.02"]
[Round "2.107"]
[White "Bielski, Jerzy"]
[Black "Szczesniak, Andrzej"]
[Result "0-1"]
[WhiteElo "1707"]
[BlackElo "1934"]
[PlyCount "54"]
[EventDate "2018.09.01"]
[EventType "team-swiss"]
[EventRounds "9"]
[EventCountry "POL"]
[SourceTitle "CBM 186 Extra"]
[Source "ChessBase"]
[SourceDate "2018.08.24"]
[SourceVersion "1"]
[SourceVersionDate "2018.08.24"]
[SourceQuality "1"]
[WhiteTeam "Olsztyn Debiut Dziesiatka"]
[BlackTeam "Grudziadz Rotmistrz"]
[WhiteTeamCountry "POL"]
[BlackTeamCountry "POL"]

1. d4 d5 2. Nf3 c5 3. e3 Nf6 4. c4 cxd4 5. exd4 e6 6. Nc3 Be7 7. Bd3 0-0 8. 0-0 dxc4 9. Bxc4 a6 10. a4 Nbd7 11. Bg5 Nb6 12. Bb3 Nbd5 13. Ne5 Nxc3 14. bxc3 Nd7 15. Bxe7 Qxe7 16. Nf3 Nf6 17. Re1 Qc7 18. Qd3 b6 19. Ne5 Nd5 20. Bxd5 exd5 21. Rac1 f6 22. Nf3 Bd7 23. Ra1 Rfc8 24. Re3 b5 25. a5 Re8 26. Nd2 Rac8 27. Ra3 b4 0-1